|
|
|
|
| LEADER |
02040nam a22003377a 4500 |
| 001 |
42258 |
| 003 |
BD-DhAAL |
| 008 |
240215t2006 bg a|||| b||| 00| 0 ben d |
| 020 |
|
|
|a 9843230000
|
| 020 |
|
|
|a 9789843230003
|
| 040 |
|
|
|a BD-DhAAL
|c BD-DhAAL
|
| 041 |
|
|
|a ben
|
| 082 |
|
|
|a 378.54922
|2 23
|
| 245 |
|
|
|a স্মৃতিময় ঢাকা বিশ্ববিদ্যালয় /
|c সম্পাদক, হোসনে আরা শাহেদ ; ঢাকা ইউনিভার্সিটি অ্যালামনাই অ্যাসোসিয়েশন.
|
| 246 |
|
|
|a Unforgettable Dhaka University
|
| 264 |
|
|
|a ঢাকা :
|b ঢাকা ইউনিভার্সিটি অ্যালামনাই অ্যাসোসিয়েশন,
|c ২০০৬.
|
| 300 |
|
|
|a ৬৪০ পৃষ্ঠা :
|b চিত্র ;
|c ২২ সে.মি.
|
| 500 |
|
|
|a ঢাকা বিশ্ববিদ্যালয়ের প্রাক্তন ছাত্রদের স্মৃতিকথা
|
| 504 |
|
|
|a গ্রন্থপঞ্জিগত নির্দেশিকা (পৃষ্ঠা ৬৩২-৬৪০) অন্তর্ভুক্ত।
|
| 541 |
|
|
|a Donated by Rebecca Dipa Khan
|e 42258
|
| 610 |
|
|
|a University of Dhaka
|v Congresses.
|9 49818
|
| 610 |
|
|
|a University of Dhaka
|x History.
|
| 610 |
|
|
|a University of Dhaka
|x Alumni and alumnae
|v Congresses.
|9 49819
|
| 650 |
|
|
|a Universities and colleges
|x Alumni and alumnae
|z Bangladesh
|z Dhaka
|v Congresses.
|9 49821
|
| 650 |
|
|
|a Education.
|
| 700 |
|
|
|a শাহেদ, হোসনে আরা.
|9 16021
|
| 700 |
|
|
|a ঢাকা ইউনিভার্সিটি অ্যালামনাই অ্যাসোসিয়েশন
|9 56028
|
| 852 |
|
|
|a Ayesha Abed Library
|c General Stacks
|
| 942 |
|
|
|2 ddc
|c BK
|
| 999 |
|
|
|c 46406
|d 46406
|
| 952 |
|
|
|0 0
|1 0
|2 ddc
|4 0
|6 378_549220000000000_SMR
|7 0
|9 75138
|a BRACUL
|b BRACUL
|c GEN
|d 2024-02-15
|e Donated By Rebecca Dipa Khan
|l 0
|o 378.54922 SMR
|p 3010042258
|r 2024-02-15
|t 1
|w 2024-02-15
|y BK
|